[Event "PAR-ch"]
[Site "Asuncion"]
[Date "2015.12.16"]
[Round "8"]
[White "Cubas, Jose Fernando"]
[Black "Heinechen, John"]
[Result "1-0"]
[WhiteElo "2425"]
[BlackElo "1965"]
[PlyCount "63"]
[EventDate "2015.12.09"]
[EventType "tourn"]
[EventRounds "11"]
[EventCountry "PAR"]
[SourceTitle "EXT 2017"]
[Source "ChessBase"]
[SourceDate "2016.10.25"]
[SourceVersion "1"]
[SourceVersionDate "2016.10.25"]
[SourceQuality "1"]

1. e4 e5 2. Nc3 Nc6 3. g3 Nf6 4. Bg2 Bc5 5. Nge2 d6 6. d3 Be6 7. Nd5 Nd4 8.
Nxd4 Bxd4 9. c3 Bb6 10. Bg5 Bxd5 11. exd5 h6 12. Bd2 Qd7 13. O-O O-O 14. Qb3
Qf5 15. Qc4 Ng4 16. Bh3 h5 17. Kg2 Qg6 18. a4 a5 19. Rae1 f5 20. f4 Rae8 21.
Qb5 h4 22. Bxg4 Qxg4 23. d4 hxg3 24. hxg3 e4 25. Qd7 Kh7 26. Re3 Kg6 27. Rh1
Kf6 28. Rh4 Qd1 29. Be1 Qb3 30. Rh5 Qxd5 31. g4 Qe6 32. Bh4+ 1-0

[Event "PAR-ch"]
[Site "Asuncion"]
[Date "2015.12.17"]
[Round "9"]
[White "Franco Ocampos, Zenon"]
[Black "Cubas, Jose Fernando"]
[Result "1/2-1/2"]
[WhiteElo "2507"]
[BlackElo "2425"]
[PlyCount "94"]
[EventDate "2015.12.09"]
[EventType "tourn"]
[EventRounds "11"]
[EventCountry "PAR"]
[SourceTitle "EXT 2017"]
[Source "ChessBase"]
[SourceDate "2016.10.25"]
[SourceVersion "1"]
[SourceVersionDate "2016.10.25"]
[SourceQuality "1"]

1. d4 Nf6 2. c4 g6 3. Nc3 d5 4. cxd5 Nxd5 5. e4 Nxc3 6. bxc3 Bg7 7. Be3 c5 8.
Bc4 O-O 9. Ne2 Nc6 10. O-O Bg4 11. f3 Na5 12. Bxf7+ Rxf7 13. fxg4 Rxf1+ 14.
Kxf1 cxd4 15. cxd4 Qb6 16. Kg1 Rd8 17. Bf2 Qb2 18. a4 b6 19. Rb1 Qa2 20. Nc3
Qc4 21. Nd5 e6 22. Rc1 Qb3 23. Nc7 Rd7 24. Nb5 Qxd1+ 25. Rxd1 a6 26. Nc3 Nb3
27. e5 b5 28. axb5 axb5 29. Nxb5 Bxe5 30. Kf1 Bf6 31. Rd3 Na5 32. Rc3 e5 33.
Rc8+ Kf7 34. g5 Bg7 35. dxe5 Bxe5 36. Rc5 Re7 37. Nd6+ Bxd6 38. Rxa5 Rb7 39. h4
Ke6 40. Ra6 Kd5 41. Ra5+ Ke4 42. Ra4+ Rb4 43. Ra1 Rb2 44. Re1+ Kf4 45. Rd1 Be5
46. Rc1 Ke4 47. Re1+ Kd5 1/2-1/2

[Event "PAR-ch"]
[Site "Asuncion"]
[Date "2015.12.19"]
[Round "11"]
[White "Bachmann, Axel"]
[Black "Cubas, Jose Fernando"]
[Result "1/2-1/2"]
[WhiteElo "2610"]
[BlackElo "2425"]
[PlyCount "40"]
[EventDate "2015.12.09"]
[EventType "tourn"]
[EventRounds "11"]
[EventCountry "PAR"]
[SourceTitle "EXT 2017"]
[Source "ChessBase"]
[SourceDate "2016.10.25"]
[SourceVersion "1"]
[SourceVersionDate "2016.10.25"]
[SourceQuality "1"]

1. Nf3 Nf6 2. g3 g6 3. Bg2 Bg7 4. c4 O-O 5. Nc3 d5 6. cxd5 Nxd5 7. O-O Nc6 8.
d4 Nb6 9. e3 Re8 10. Rb1 Bf5 11. e4 Bg4 12. d5 Nd4 13. Be3 c5 14. Bxd4 cxd4 15.
Nb5 e6 16. h3 Bxf3 17. Bxf3 exd5 18. exd5 Qd7 19. Nxd4 Nxd5 20. Nb5 Qxb5
1/2-1/2

[Event "Florianopolis op 2nd"]
[Site "Florianopolis"]
[Date "2016.01.16"]
[Round "1"]
[White "Silva, Valdecir Batista"]
[Black "Cubas, Jose Fernando"]
[Result "0-1"]
[WhiteElo "1806"]
[BlackElo "2425"]
[PlyCount "36"]
[EventDate "2016.01.16"]
[EventType "swiss"]
[EventRounds "10"]
[EventCountry "BRA"]
[SourceTitle "CBM 170 Extra"]
[Source "ChessBase"]
[SourceDate "2016.02.25"]
[SourceVersion "1"]
[SourceVersionDate "2016.02.25"]
[SourceQuality "1"]

1. e4 c5 2. Nf3 Nc6 3. Bc4 e6 4. O-O d5 5. exd5 exd5 6. Re1+ Be7 7. Bb5 Nf6 8.
Bxc6+ bxc6 9. Ne5 Qc7 10. d4 cxd4 11. Qxd4 O-O 12. Bf4 Bd6 13. Nc3 Rb8 14. Nd3
Bxf4 15. Nxf4 Rxb2 16. Rac1 Qb6 17. Qe5 Rb4 18. Rcd1 Ng4 0-1

[Event "Florianopolis op 2nd"]
[Site "Florianopolis"]
[Date "2016.01.17"]
[Round "2"]
[White "Cubas, Jose Fernando"]
[Black "Almeida, Heidy Jose Moreira"]
[Result "1-0"]
[WhiteElo "2425"]
[BlackElo "1984"]
[PlyCount "53"]
[EventDate "2016.01.16"]
[EventType "swiss"]
[EventRounds "10"]
[EventCountry "BRA"]
[SourceTitle "CBM 170 Extra"]
[Source "ChessBase"]
[SourceDate "2016.02.25"]
[SourceVersion "1"]
[SourceVersionDate "2016.02.25"]
[SourceQuality "1"]

1. e4 Nf6 2. e5 Nd5 3. d4 d6 4. c4 Nb6 5. exd6 exd6 6. Nc3 Be7 7. Bd3 Nc6 8.
Nge2 Bf6 9. Be3 O-O 10. b3 Re8 11. O-O Bg4 12. Qd2 d5 13. c5 Nc8 14. h3 Bh5 15.
Nf4 Bg6 16. Bxg6 hxg6 17. Ncxd5 Bxd4 18. Bxd4 Nxd4 19. Qxd4 c6 20. Rfe1 cxd5
21. Nxd5 Re6 22. Rad1 b6 23. c6 Rd6 24. Qe5 Re6 25. Qc7 Rxe1+ 26. Rxe1 Qxd5 27.
Qb7 1-0

[Event "Florianopolis op 2nd"]
[Site "Florianopolis"]
[Date "2016.01.17"]
[Round "3"]
[White "Florianovitz, Derlei Alex"]
[Black "Cubas, Jose Fernando"]
[Result "0-1"]
[WhiteElo "2110"]
[BlackElo "2425"]
[PlyCount "114"]
[EventDate "2016.01.16"]
[EventType "swiss"]
[EventRounds "10"]
[EventCountry "BRA"]
[SourceTitle "CBM 170 Extra"]
[Source "ChessBase"]
[SourceDate "2016.02.25"]
[SourceVersion "1"]
[SourceVersionDate "2016.02.25"]
[SourceQuality "1"]

1. e4 c5 2. Nc3 Nc6 3. g3 g6 4. Bg2 Bg7 5. d3 d6 6. f4 e5 7. Nf3 Nge7 8. O-O
Nd4 9. fxe5 dxe5 10. Bg5 f6 11. Be3 Bg4 12. Na4 Rc8 13. c3 Ne6 14. b3 b5 15.
Nb2 f5 16. Qd2 Bxf3 17. Rxf3 O-O 18. Bh3 Rc6 19. Raf1 Rd6 20. Qf2 f4 21. Bxe6+
Rxe6 22. gxf4 exf4 23. Rxf4 Rxf4 24. Bxf4 Bxc3 25. Nd1 Bd4 26. Be3 Rf6 27. Qe2
Rxf1+ 28. Kxf1 Nc6 29. Kg2 Ne5 30. Bf4 Qh4 31. Bg3 Qg5 32. Nf2 h5 33. h4 Qc1
34. Nh3 Ng4 35. Bf4 Be3 36. Bd6 Qa1 37. Bf4 Bxf4 38. Nxf4 Qf6 39. Kg3 Qe5 40.
Qf3 Kg7 41. Kh3 a5 42. Qg3 Qa1 43. Qg2 Qe1 44. Qf3 Kh6 45. Ne6 Qf2 46. Qg3 Qf1+
47. Qg2 Qxd3+ 48. Qg3 Qxe4 49. Qf4+ Qxf4 50. Nxf4 c4 51. bxc4 bxc4 52. Nd5 Nf2+
53. Kg2 Ne4 54. Kf3 c3 55. Ne3 Nc5 56. Kf4 Nd3+ 57. Ke4 Nb4 0-1

[Event "Florianopolis op 2nd"]
[Site "Florianopolis"]
[Date "2016.01.19"]
[Round "6"]
[White "Cubas, Jose Fernando"]
[Black "Guerrero, Alvaro"]
[Result "1-0"]
[WhiteElo "2425"]
[BlackElo "2157"]
[PlyCount "43"]
[EventDate "2016.01.16"]
[EventType "swiss"]
[EventRounds "10"]
[EventCountry "BRA"]
[SourceTitle "CBM 170 Extra"]
[Source "ChessBase"]
[SourceDate "2016.02.25"]
[SourceVersion "1"]
[SourceVersionDate "2016.02.25"]
[SourceQuality "1"]

1. e4 c6 2. d4 d5 3. e5 Bf5 4. h4 h5 5. c4 dxc4 6. Bxc4 e6 7. Ne2 Be4 8. f3 Bg6
9. Nbc3 Be7 10. g3 b5 11. Bb3 a5 12. a4 b4 13. Ne4 Ra7 14. Be3 Rd7 15. Qc1 Nh6
16. Nc5 Bxc5 17. Qxc5 Nf5 18. Bg5 Ne7 19. Rd1 Bf5 20. Nf4 Na6 21. Qc4 Qb6 22.
Nxh5 1-0

[Event "Florianopolis op 2nd"]
[Site "Florianopolis"]
[Date "2016.01.20"]
[Round "7"]
[White "Aranha Filho, Alvaro Zimmermann"]
[Black "Cubas, Jose Fernando"]
[Result "1/2-1/2"]
[WhiteElo "2293"]
[BlackElo "2425"]
[PlyCount "79"]
[EventDate "2016.01.16"]
[EventType "swiss"]
[EventRounds "10"]
[EventCountry "BRA"]
[SourceTitle "CBM 170 Extra"]
[Source "ChessBase"]
[SourceDate "2016.02.25"]
[SourceVersion "1"]
[SourceVersionDate "2016.02.25"]
[SourceQuality "1"]

1. d4 d5 2. Nf3 Nf6 3. c4 c6 4. Qc2 g6 5. Bf4 Na6 6. e3 Bf5 7. Qb3 Qb6 8. Nc3
Nb4 9. Rc1 Nc2+ 10. Kd1 Qxb3 11. axb3 Nb4 12. Be5 Ng4 13. Bg3 f6 14. h3 Nh6 15.
cxd5 cxd5 16. Nb5 Kd8 17. Bc7+ Kd7 18. Bh2 a6 19. Nc3 Rc8 20. Kd2 g5 21. Ne1 e6
22. Nd3 Nxd3 23. Bxd3 Bb4 24. g4 Bg6 25. Bg3 Rc6 26. f3 Rhc8 27. Bxg6 hxg6 28.
h4 Nf7 29. h5 gxh5 30. Rxh5 e5 31. Rhh1 Bd6 32. Bf2 Rb6 33. Kc2 Rb4 34. Ra1 Nd8
35. Ra4 Nc6 36. Rxb4 Nxb4+ 37. Kd2 exd4 38. exd4 Bf4+ 39. Be3 Bg3 40. Rh7+
1/2-1/2

[Event "Florianopolis op 2nd"]
[Site "Florianopolis"]
[Date "2016.01.21"]
[Round "8"]
[White "Cubas, Jose Fernando"]
[Black "Pires, Marcos Vinicius Tor"]
[Result "1-0"]
[WhiteElo "2425"]
[BlackElo "2262"]
[PlyCount "69"]
[EventDate "2016.01.16"]
[EventType "swiss"]
[EventRounds "10"]
[EventCountry "BRA"]
[SourceTitle "CBM 170 Extra"]
[Source "ChessBase"]
[SourceDate "2016.02.25"]
[SourceVersion "1"]
[SourceVersionDate "2016.02.25"]
[SourceQuality "1"]

1. e4 e5 2. Nf3 Nc6 3. Bb5 a6 4. Ba4 Nf6 5. O-O Be7 6. Re1 b5 7. Bb3 d6 8. c3
O-O 9. d4 Bg4 10. d5 Na5 11. Bc2 Qc8 12. Nbd2 c6 13. b4 Nc4 14. Nxc4 bxc4 15.
h3 Bd7 16. dxc6 Qxc6 17. a4 h6 18. Qe2 Be6 19. Bd2 Bd8 20. Rad1 Bc7 21. Bc1
Rfe8 22. Nh2 d5 23. exd5 Bxd5 24. Ng4 Nxg4 25. Qxg4 Rad8 26. Rxd5 Rxd5 27. Be4
Red8 28. Be3 Kf8 29. Rb1 Qd7 30. Bxd5 Qxd5 31. b5 Qd3 32. Rc1 axb5 33. axb5 f5
34. Qh5 Rb8 35. Rd1 1-0

[Event "Florianopolis op 2nd"]
[Site "Florianopolis"]
[Date "2016.01.21"]
[Round "9"]
[White "Cubas, Jose Fernando"]
[Black "Di Berardino, Diego Rafael"]
[Result "0-1"]
[WhiteElo "2425"]
[BlackElo "2512"]
[PlyCount "52"]
[EventDate "2016.01.16"]
[EventType "swiss"]
[EventRounds "10"]
[EventCountry "BRA"]
[SourceTitle "CBM 170 Extra"]
[Source "ChessBase"]
[SourceDate "2016.02.25"]
[SourceVersion "1"]
[SourceVersionDate "2016.02.25"]
[SourceQuality "1"]

1. e4 c5 2. Nf3 e6 3. d4 cxd4 4. Nxd4 a6 5. Nc3 b5 6. Bd3 Bb7 7. O-O Nc6 8.
Nxc6 Bxc6 9. Re1 Bc5 10. a4 b4 11. Nd5 Ne7 12. Bg5 exd5 13. exd5 Bxd5 14. Re5
Qc7 15. Rxd5 Nxd5 16. Be4 O-O 17. Qxd5 Rae8 18. Bd3 Bxf2+ 19. Kxf2 Re5 20. Qc4
Qb6+ 21. Kf3 Rxg5 22. Qxa6 Rf5+ 23. Kg4 Qd4+ 24. Kxf5 g6+ 25. Kg5 f6+ 26. Kh6
Qh4# 0-1

[Event "Florianopolis op 2nd"]
[Site "Florianopolis"]
[Date "2016.01.22"]
[Round "10"]
[White "Martinez, Ayelen"]
[Black "Cubas, Jose Fernando"]
[Result "0-1"]
[WhiteElo "2217"]
[BlackElo "2425"]
[PlyCount "64"]
[EventDate "2016.01.16"]
[EventType "swiss"]
[EventRounds "10"]
[EventCountry "BRA"]
[SourceTitle "CBM 170 Extra"]
[Source "ChessBase"]
[SourceDate "2016.02.25"]
[SourceVersion "1"]
[SourceVersionDate "2016.02.25"]
[SourceQuality "1"]

1. e4 c5 2. Nf3 Nc6 3. d4 cxd4 4. Nxd4 e5 5. Nb5 d6 6. N1c3 a6 7. Na3 Be7 8.
Nc4 b5 9. Ne3 Nf6 10. g3 b4 11. Ncd5 Nxe4 12. Bg2 f5 13. Nxe7 Nxe7 14. Nc4 Be6
15. Bxe4 Bxc4 16. Bxa8 Qxa8 17. f3 O-O 18. b3 Bd5 19. O-O f4 20. gxf4 Rf6 21.
Be3 Nf5 22. Kf2 Rh6 23. Qd3 e4 24. fxe4 Bxe4 25. Qc4+ d5 26. Qc5 Rxh2+ 27. Ke1
Rxc2 28. Qa7 Qc8 29. Rd1 Nh4 30. Rd2 Rc1+ 31. Kf2 Qg4 32. Re1 Qg2# 0-1

[Event "Florianopolis 3rd"]
[Site "Florianopolis"]
[Date "2016.01.23"]
[Round "1"]
[White "Quintiliano Pinto, Renato Rodrigues"]
[Black "Cubas, Jose Fernando"]
[Result "1/2-1/2"]
[WhiteElo "2430"]
[BlackElo "2425"]
[PlyCount "69"]
[EventDate "2016.01.23"]
[EventType "tourn"]
[EventRounds "9"]
[EventCountry "BRA"]
[EventCategory "6"]
[SourceTitle "CBM 170 Extra"]
[Source "ChessBase"]
[SourceDate "2016.02.25"]
[SourceVersion "1"]
[SourceVersionDate "2016.02.25"]
[SourceQuality "1"]

1. d4 d5 2. c4 c6 3. Nc3 Nf6 4. cxd5 cxd5 5. Nf3 Nc6 6. Bf4 a6 7. e3 Bg4 8. h3
Bxf3 9. Qxf3 e6 10. Bd3 h6 11. O-O Bd6 12. Rac1 O-O 13. Na4 Rc8 14. Bxd6 Qxd6
15. Qd1 e5 16. dxe5 Nxe5 17. Nc3 Rfd8 18. Bf5 Rc4 19. Ne2 Nc6 20. b3 Rxc1 21.
Qxc1 d4 22. Nxd4 Nxd4 23. exd4 Qxd4 24. Re1 b5 25. Qc7 Qd2 26. Re2 Qd1+ 27. Kh2
g6 28. Bg4 Rd2 29. Rxd2 Qxd2 30. Qc8+ Kg7 31. Qxa6 h5 32. Bf3 Qf4+ 33. Kg1 Qc1+
34. Kh2 Qf4+ 35. Kg1 1/2-1/2

[Event "Florianopolis 3rd"]
[Site "Florianopolis"]
[Date "2016.01.24"]
[Round "3"]
[White "Rezende, Guilherme Vilela"]
[Black "Cubas, Jose Fernando"]
[Result "0-1"]
[WhiteElo "2130"]
[BlackElo "2425"]
[PlyCount "54"]
[EventDate "2016.01.23"]
[EventType "tourn"]
[EventRounds "9"]
[EventCountry "BRA"]
[EventCategory "6"]
[SourceTitle "CBM 170 Extra"]
[Source "ChessBase"]
[SourceDate "2016.02.25"]
[SourceVersion "1"]
[SourceVersionDate "2016.02.25"]
[SourceQuality "1"]

1. d4 Nf6 2. c4 g6 3. Nf3 Bg7 4. Nc3 d5 5. cxd5 Nxd5 6. Bd2 O-O 7. e3 Nb6 8. a4
a5 9. Ne4 Nc6 10. Nc5 e5 11. Nxe5 Nxe5 12. dxe5 Bxe5 13. Qb3 Qd5 14. Qxd5 Nxd5
15. Bc4 Nb4 16. O-O-O b6 17. Nd3 Bg7 18. Bxb4 axb4 19. b3 Bc3 20. Nf4 c6 21.
Ne2 b5 22. Nxc3 bxc4 23. Na2 cxb3 24. Nxb4 Rxa4 25. Nd3 Ra2 26. Nb4 Ra4 27. Nd3
Be6 0-1

[Event "Florianopolis 3rd"]
[Site "Florianopolis"]
[Date "2016.01.25"]
[Round "4"]
[White "Cubas, Jose Fernando"]
[Black "Molina, Roberto Junio Brito"]
[Result "1-0"]
[WhiteElo "2425"]
[BlackElo "2436"]
[PlyCount "89"]
[EventDate "2016.01.23"]
[EventType "tourn"]
[EventRounds "9"]
[EventCountry "BRA"]
[EventCategory "6"]
[SourceTitle "CBM 170 Extra"]
[Source "ChessBase"]
[SourceDate "2016.02.25"]
[SourceVersion "1"]
[SourceVersionDate "2016.02.25"]
[SourceQuality "1"]

1. e4 e6 2. d4 d5 3. Nd2 Nf6 4. e5 Nfd7 5. c3 c5 6. Bd3 Nc6 7. Ndf3 cxd4 8.
cxd4 f6 9. exf6 Nxf6 10. Nh3 Bd6 11. O-O O-O 12. Re1 Qc7 13. Nhg5 e5 14. dxe5
Nxe5 15. Rxe5 Bxe5 16. Bxh7+ Kh8 17. Nh4 Bxh2+ 18. Kh1 Nxh7 19. Ng6+ Kg8 20.
Qxd5+ Rf7 21. Nxf7 Qxf7 22. Ne7+ Kf8 23. Qd8+ Qe8 24. Ng6+ Kf7 25. Qxe8+ Kxe8
26. Kxh2 Kf7 27. Ne5+ Kf6 28. Nf3 Bg4 29. Kg3 Bxf3 30. Kxf3 Rc8 31. Be3 Ng5+
32. Ke2 Ne6 33. Rd1 Ke7 34. f4 g6 35. g4 a6 36. Kf3 Rc4 37. f5 gxf5 38. gxf5
Nc5 39. Bg5+ Kf7 40. Re1 Kf8 41. Re7 Rc1 42. Rc7 Rf1+ 43. Ke2 Rxf5 44. Be7+ Ke8
45. Rxc5 1-0

[Event "Florianopolis 3rd"]
[Site "Florianopolis"]
[Date "2016.01.25"]
[Round "5"]
[White "Di Berardino, Diego Rafael"]
[Black "Cubas, Jose Fernando"]
[Result "0-1"]
[WhiteElo "2512"]
[BlackElo "2425"]
[PlyCount "68"]
[EventDate "2016.01.23"]
[EventType "tourn"]
[EventRounds "9"]
[EventCountry "BRA"]
[EventCategory "6"]
[SourceTitle "CBM 170 Extra"]
[Source "ChessBase"]
[SourceDate "2016.02.25"]
[SourceVersion "1"]
[SourceVersionDate "2016.02.25"]
[SourceQuality "1"]

1. e4 e6 2. d4 d5 3. Nd2 Be7 4. Bd3 c5 5. dxc5 Nf6 6. Qe2 Nc6 7. Ngf3 O-O 8. e5
Nd7 9. Nb3 Nb4 10. Be3 a5 11. a4 Qc7 12. Bd4 Nxd3+ 13. Qxd3 b6 14. cxb6 Nxb6
15. O-O Ba6 16. Qe3 Nc4 17. Qf4 Nxb2 18. Rfc1 Nc4 19. Nbd2 Nxd2 20. Qxd2 Rfc8
21. c3 Rab8 22. Re1 Rb3 23. h4 Qc4 24. Qf4 Ra3 25. Rxa3 Bxa3 26. Ng5 Rf8 27.
Qg4 h6 28. Nh3 Bc5 29. Re3 Rb8 30. Rg3 Bf8 31. Nf4 Qxa4 32. Kh2 Rb1 33. Rf3 Qd1
34. Nh5 Be2 0-1

[Event "Florianopolis 3rd"]
[Site "Florianopolis"]
[Date "2016.01.26"]
[Round "6"]
[White "Cubas, Jose Fernando"]
[Black "Umetsubo, Cesar Hidemitsu"]
[Result "1/2-1/2"]
[WhiteElo "2425"]
[BlackElo "2370"]
[PlyCount "69"]
[EventDate "2016.01.23"]
[EventType "tourn"]
[EventRounds "9"]
[EventCountry "BRA"]
[EventCategory "6"]
[SourceTitle "CBM 170 Extra"]
[Source "ChessBase"]
[SourceDate "2016.02.25"]
[SourceVersion "1"]
[SourceVersionDate "2016.02.25"]
[SourceQuality "1"]

1. e4 c5 2. Nf3 e6 3. d4 cxd4 4. Nxd4 a6 5. Nc3 Qc7 6. Bd3 Nf6 7. O-O d6 8. a4
b6 9. Qf3 Nbd7 10. Qg3 Bb7 11. Bd2 g6 12. f4 Bg7 13. Rae1 O-O 14. Nf3 Nc5 15.
b4 Nh5 16. Qf2 Bxc3 17. Bxc3 Nxd3 18. Qd4 e5 19. Qxd3 Nxf4 20. Qd2 Rac8 21. Re3
f6 22. Nh4 d5 23. exd5 Nxd5 24. Rg3 Nf4 25. Nf5 Rfd8 26. Qe1 Re8 27. Nh6+ Kg7
28. Ng4 Qc4 29. Rf2 Qe4 30. Qxe4 Bxe4 31. Nxf6 Kxf6 32. Rxf4+ Bf5 33. Rf1 h5
34. Re3 Kf7 35. Bxe5 1/2-1/2

[Event "Florianopolis 3rd"]
[Site "Florianopolis"]
[Date "2016.01.27"]
[Round "7"]
[White "Dejeanne, Francisco Horacio"]
[Black "Cubas, Jose Fernando"]
[Result "0-1"]
[WhiteElo "2249"]
[BlackElo "2425"]
[PlyCount "53"]
[EventDate "2016.01.23"]
[EventType "tourn"]
[EventRounds "9"]
[EventCountry "BRA"]
[EventCategory "6"]
[SourceTitle "CBM 170 Extra"]
[Source "ChessBase"]
[SourceDate "2016.02.25"]
[SourceVersion "1"]
[SourceVersionDate "2016.02.25"]
[SourceQuality "1"]

1. d4 Nf6 2. Nf3 g6 3. Bf4 Bg7 4. e3 d6 5. h3 O-O 6. Be2 b6 7. O-O c5 8. c4 Bb7
9. Nc3 cxd4 10. exd4 d5 11. Nb5 Nc6 12. b3 Ne4 13. Rc1 Rc8 14. Ne5 a6 15. Nxc6
Rxc6 16. Na7 Re6 17. cxd5 Bxd5 18. Bg4 Qa8 19. Rc7 f5 20. Be2 Nf6 21. Bc4 b5
22. Bxd5 Nxd5 23. Qc1 Nxc7 24. Qxc7 Bxd4 25. Qd7 Qe4 26. Bd2 Rd6 27. Qc7 0-1

[Event "Florianopolis 3rd"]
[Site "Florianopolis"]
[Date "2016.01.28"]
[Round "9"]
[White "Cubas, Jose Fernando"]
[Black "Gauche, Charles"]
[Result "1-0"]
[WhiteElo "2425"]
[BlackElo "2250"]
[PlyCount "109"]
[EventDate "2016.01.23"]
[EventType "tourn"]
[EventRounds "9"]
[EventCountry "BRA"]
[EventCategory "6"]
[SourceTitle "CBM 170 Extra"]
[Source "ChessBase"]
[SourceDate "2016.02.25"]
[SourceVersion "1"]
[SourceVersionDate "2016.02.25"]
[SourceQuality "1"]

1. e4 c5 2. Nf3 e6 3. d4 cxd4 4. Nxd4 a6 5. Nc3 b5 6. Bd3 Bb7 7. O-O Nc6 8.
Nxc6 Bxc6 9. Re1 Bb4 10. Bd2 Bc5 11. a4 Qb6 12. Qf3 b4 13. Nd5 Qb7 14. c3 b3
15. Qg3 Kf8 16. Be3 Qa7 17. Nc7 Bxe3 18. Rxe3 Rc8 19. Nxa6 Ne7 20. Nb4 Qc5 21.
Nxc6 Nxc6 22. Bb5 g6 23. Qf3 Kg7 24. Qd1 Na5 25. Rd3 Qe5 26. f3 Qc5+ 27. Kh1
Rhd8 28. Rxd7 Rxd7 29. Qxd7 Rc7 30. Qd8 e5 31. Rd1 Qa7 32. Qd6 Re7 33. h3 Re6
34. Qd8 Nc6 35. Bxc6 Rxc6 36. Qd5 Re6 37. Qxb3 Qf2 38. Qb5 h5 39. b4 Qc2 40.
Qd3 Qxa4 41. b5 Qa3 42. c4 Qc5 43. Qc3 f6 44. Rd5 Qb6 45. Rd7+ Kh6 46. Qd2+ g5
47. Qb2 Qb8 48. c5 Ra6 49. Qb3 Ra1+ 50. Kh2 g4 51. Qf7 Qh8 52. h4 g3+ 53. Kxg3
Ra8 54. c6 Rb8 55. Qh7+ 1-0

[Event "Baleares-ch"]
[Site "Palma de Mallorca"]
[Date "2016.03.25"]
[Round "1"]
[White "Cubas Pons, Juan Miguel"]
[Black "Mari Copa, Adria"]
[Result "1-0"]
[WhiteElo "2221"]
[BlackElo "2013"]
[PlyCount "83"]
[EventDate "2016.03.25"]
[EventType "tourn"]
[EventRounds "7"]
[EventCountry "ESP"]
[SourceTitle "CBM 171 Extra"]
[Source "ChessBase"]
[SourceDate "2016.04.26"]
[SourceVersion "1"]
[SourceVersionDate "2016.04.26"]
[SourceQuality "1"]

1. e4 c6 2. Nf3 d5 3. exd5 cxd5 4. Ne5 Nf6 5. d4 Bf5 6. Bb5+ Bd7 7. Nxd7 Nbxd7
8. O-O a6 9. Bd3 Qc7 10. Nd2 e6 11. Nf3 Bd6 12. Re1 O-O 13. Bg5 Ng4 14. h3 Bh2+
15. Kf1 Ngf6 16. Bxf6 Nxf6 17. g3 Bxg3 18. fxg3 Qxg3 19. Ng1 Qf4+ 20. Kg2 Qg5+
21. Kh1 Nh5 22. Qf3 Rae8 23. Re5 f5 24. Ne2 Rf6 25. c4 Rh6 26. cxd5 Nf6 27.
dxe6 Ng4 28. Rxf5 Nf2+ 29. Kh2 Nxh3 30. Rxg5 Nxg5+ 31. Kg2 Nxf3 32. Kxf3 Kf8
33. d5 Ke7 34. Ng3 g6 35. Rc1 Rf8+ 36. Kg2 Kd6 37. Ne4+ Kxd5 38. e7 Rb8 39.
Nf6+ Kd4 40. Rd1 g5 41. Bc2+ Kc4 42. Rd8 1-0

[Event "Baleares-ch"]
[Site "Palma de Mallorca"]
[Date "2016.03.25"]
[Round "2"]
[White "Bordes Ibanez, Juan Bautista"]
[Black "Cubas Pons, Juan Miguel"]
[Result "0-1"]
[WhiteElo "1979"]
[BlackElo "2221"]
[PlyCount "78"]
[EventDate "2016.03.25"]
[EventType "tourn"]
[EventRounds "7"]
[EventCountry "ESP"]
[SourceTitle "CBM 171 Extra"]
[Source "ChessBase"]
[SourceDate "2016.04.26"]
[SourceVersion "1"]
[SourceVersionDate "2016.04.26"]
[SourceQuality "1"]

1. d4 d5 2. c4 e6 3. Nc3 c6 4. e3 Nf6 5. Nf3 Nbd7 6. Bd3 dxc4 7. Bxc4 b5 8. Bd3
Bb7 9. O-O Bd6 10. e4 e5 11. Bg5 O-O 12. dxe5 Nxe5 13. Nxe5 Bxe5 14. f4 Bd4+
15. Kh1 h6 16. Bh4 Qb6 17. e5 Nd5 18. Nxd5 cxd5 19. Qg4 Bc8 20. Qg3 f5 21. Bf6
Rf7 22. Rac1 Bd7 23. b3 Kh7 24. Qh3 gxf6 25. Bxf5+ Bxf5 26. Qxf5+ Kh8 27. Rf3
Raf8 28. Rc8 Qa5 29. Rf1 Qb4 30. Rxf8+ Qxf8 31. e6 Rg7 32. Qxd5 Qb4 33. Rd1 Bc5
34. Qd8+ Kh7 35. Qd3+ Kg8 36. Qd8+ Bf8 37. Qd5 Be7 38. Qa8+ Kh7 39. Qe4+ Qxe4
0-1

[Event "Baleares-ch"]
[Site "Palma de Mallorca"]
[Date "2016.03.26"]
[Round "3"]
[White "Cubas Pons, Juan Miguel"]
[Black "Bujosa Ribas, Joan"]
[Result "1/2-1/2"]
[WhiteElo "2221"]
[BlackElo "2078"]
[PlyCount "61"]
[EventDate "2016.03.25"]
[EventType "tourn"]
[EventRounds "7"]
[EventCountry "ESP"]
[SourceTitle "CBM 171 Extra"]
[Source "ChessBase"]
[SourceDate "2016.04.26"]
[SourceVersion "1"]
[SourceVersionDate "2016.04.26"]
[SourceQuality "1"]

1. e4 c6 2. Nc3 d5 3. Nf3 Bg4 4. Be2 e6 5. O-O dxe4 6. Nxe4 Nd7 7. d4 Ngf6 8.
Ng3 Be7 9. h3 Bxf3 10. Bxf3 O-O 11. c4 Qa5 12. Bf4 Rac8 13. a3 Qa6 14. Qe2 Rfe8
15. b4 e5 16. dxe5 Bd6 17. b5 Qa4 18. bxc6 bxc6 19. exd6 Rxe2 20. Bxe2 Rb8 21.
Rfc1 Qa5 22. Bf3 Qc5 23. Ra2 Rb3 24. Re2 Kf8 25. Bg4 Qd4 26. Bxd7 Qxf4 27. Rce1
g6 28. Bxc6 Qxd6 29. Bf3 Rxa3 30. Re5 Rc3 31. Ra5 1/2-1/2

[Event "Baleares-ch"]
[Site "Palma de Mallorca"]
[Date "2016.03.26"]
[Round "4"]
[White "Sanchez Martinez, Pablo"]
[Black "Cubas Pons, Juan Miguel"]
[Result "0-1"]
[WhiteElo "1894"]
[BlackElo "2221"]
[PlyCount "39"]
[EventDate "2016.03.25"]
[EventType "tourn"]
[EventRounds "7"]
[EventCountry "ESP"]
[SourceTitle "CBM 171 Extra"]
[Source "ChessBase"]
[SourceDate "2016.04.26"]
[SourceVersion "1"]
[SourceVersionDate "2016.04.26"]
[SourceQuality "1"]

1. e4 e6 2. d4 d5 3. e5 c5 4. c3 Nc6 5. Nf3 Bd7 6. Be2 Nge7 7. O-O Nf5 8. b3
cxd4 9. cxd4 Qb6 10. Bb2 Be7 11. g4 Nh6 12. h3 f6 13. Nc3 fxe5 14. Na4 Qc7 15.
Nxe5 Nxe5 16. dxe5 Bxa4 17. bxa4 O-O 18. Rc1 Qd8 19. Bd3 Bg5 20. Bb1 0-1

[Event "Baleares-ch"]
[Site "Palma de Mallorca"]
[Date "2016.03.27"]
[Round "5"]
[White "Cubas Pons, Juan Miguel"]
[Black "Simo Bordoy, Guillermo"]
[Result "1-0"]
[WhiteElo "2221"]
[BlackElo "2042"]
[PlyCount "38"]
[EventDate "2016.03.25"]
[EventType "tourn"]
[EventRounds "7"]
[EventCountry "ESP"]
[SourceTitle "CBM 171 Extra"]
[Source "ChessBase"]
[SourceDate "2016.04.26"]
[SourceVersion "1"]
[SourceVersionDate "2016.04.26"]
[SourceQuality "1"]

1. e4 c5 2. Nc3 Nc6 3. Bb5 g6 4. Bxc6 dxc6 5. d3 Bg7 6. Be3 b6 7. Qd2 Nf6 8.
Bh6 O-O 9. h4 Bxh6 10. Qxh6 Ng4 11. Qd2 b5 12. h5 Qd6 13. Nge2 a5 14. f3 Nf6
15. Qg5 Ne8 16. hxg6 fxg6 17. e5 Qe6 18. Ne4 Rf5 19. Qh6 Qf7 1-0